000 00387nam a2200109Ia 4500
008 231129s9999||||xx |||||||||||||| ||spa||
082 _a780.987 / C355e
100 _aCastro Aniyar Daniel
245 0 _aEl entendimiento: historia y significacion de la musica indigena del Lago de Maracaibo
264 _aCasa de las Americas ; Santafe de Bogota : Ministerio de Cultura
942 _2ddc
_cBKS
999 _c10976
_d10976